000 00735nam a2200217Ii 4500
003 JO-AjNU
008 230605s9999||||xx |||||||||||||| ||und||
017 _a1990/2924
020 _a977-265-017-7
040 _aJO-AjNU
_bara
_erda
_cJO-AjNU
041 _aara
050 1 4 _aDR1743.FS7 1990
100 3 _aتاليف الفرماوي، عبد الحي,
_eauthor
_914211
245 0 0 _aالمسلمون بين الأزمة والنهضة
264 3 1 _aالقاهرة: دار التوزيع والنشر الإسلامية، 1990
300 _a279ص
336 _atext
_btxt
_2rdacontent
337 _aunmediated
_bn
_2rdamedia
338 _avolume
_bnc
_2rdacarrier
650 4 _aالاسلام - تاريخ - عصر النهضة
_914212
999 _aA3736
_c7304
_d7304